[Event "Barcelona Sant Marti op-B 23rd"]
[Site "Barcelona"]
[Date "2023.07.15"]
[Round "3"]
[White "Flores de Paco, David"]
[Black "Infiesta Aguila, Agusti"]
[Result "1/2-1/2"]
[WhiteElo "1923"]
[BlackElo "1732"]
[PlyCount "94"]
[EventDate "2023.07.13"]
[EventType "swiss"]
[EventRounds "9"]
[EventCountry "ESP"]
[SourceTitle "CBM 215 Extra"]
[Source "ChessBase"]
[SourceDate "2023.09.30"]
[SourceVersion "1"]
[SourceVersionDate "2023.09.30"]
[SourceQuality "1"]

1. e4 c6 2. d4 d5 3. e5 c5 4. dxc5 e6 5. Be3 Nd7 6. Bb5 a6 7. Bxd7+ Bxd7 8. c3 Qc7 9. Nf3 Bxc5 10. Bxc5 Qxc5 11. 0-0 Ne7 12. Nbd2 0-0 13. Re1 b5 14. Nb3 Qb6 15. Qd4 Rfb8 16. g4 b4 17. Qf4 Ng6 18. Qd2 bxc3 19. bxc3 Rc8 20. h4 Rc4 21. Nbd4 Qc5 22. h5 Nf8 23. h6 Rxc3 24. hxg7 Kxg7 25. Rac1 Rxc1 26. Rxc1 Qe7 27. Rc7 Qd8 28. Rb7 Rb8 29. Rxb8 Qxb8 30. Qg5+ Ng6 31. Qf6+ Kg8 32. Ng5 Qe8 33. Ndf3 Qe7 34. Qxe7 Nxe7 35. Nh3 Bb5 36. Nf4 Kg7 37. Ng5 Ng6 38. Nh5+ Kf8 39. Nxh7+ Ke7 40. f4 Be2 41. N7f6 d4 42. Kf2 d3 43. Ke3 Nh4 44. Ne4 Bxg4 45. Nhg3 Ng2+ 46. Kxd3 Nxf4+ 47. Kd4 Ne2+ 1/2-1/2

[Event "Barcelona Sant Marti op-B 23rd"]
[Site "Barcelona"]
[Date "2023.07.14"]
[Round "2"]
[White "Romero Funieles, Rafael de Jesus"]
[Black "Infiesta Aguila, Agusti"]
[Result "0-1"]
[WhiteElo "1574"]
[BlackElo "1732"]
[PlyCount "156"]
[EventDate "2023.07.13"]
[EventType "swiss"]
[EventRounds "9"]
[EventCountry "ESP"]
[SourceTitle "CBM 215 Extra"]
[Source "ChessBase"]
[SourceDate "2023.09.30"]
[SourceVersion "1"]
[SourceVersionDate "2023.09.30"]
[SourceQuality "1"]

1. e4 c6 2. Nf3 d5 3. exd5 cxd5 4. Be2 Nc6 5. d4 Nf6 6. c3 Bf5 7. h3 h6 8. Nbd2 e6 9. Nb3 Ne4 10. Bf4 Bd6 11. Be5 0-0 12. 0-0 Nxe5 13. dxe5 Be7 14. Nbd4 Bh7 15. Bd3 Ng5 16. Nxg5 Bxg5 17. Bxh7+ Kxh7 18. f4 Be7 19. Kh1 Bc5 20. Nf3 g6 21. Nh2 a6 22. Rb1 b5 23. Ng4 Be7 24. Qd2 h5 25. Nh2 Kg7 26. Nf3 Rh8 27. Nd4 Rc8 28. Rf3 Rc4 29. Rg3 Qd7 30. Rf1 h4 31. Rgf3 Rh5 32. Nc2 a5 33. Ne3 Rc7 34. Qd3 Bc5 35. Ng4 Be7 36. Ne3 Bc5 37. Ng4 Be7 38. Ne3 b4 39. cxb4 axb4 40. Ng4 Ra7 41. Ra1 Rh8 42. Nf6 Qc8 43. Qd2 Qc4 44. b3 Qc5 45. f5 exf5 46. Qxd5 Rd8 47. Qxc5 Bxc5 48. Rf4 Rd4 49. Rff1 Rd2 50. Ne8+ Kf8 51. Nf6 Bd4 52. Rad1 Raxa2 53. Rxd2 Rxd2 54. Nd7+ Ke7 55. Nb8 Rc2 56. Na6 Bc3 57. Rd1 Rd2 58. Rc1 Ra2 59. Nc7 Ra5 60. Rd1 Rxe5 61. Nd5+ Ke6 62. Nf4+ Kf6 63. Nd5+ Kg5 64. Kg1 Re1+ 65. Rxe1 Bxe1 66. Kf1 Bc3 67. Ke2 f4 68. Kf3 Bd2 69. Ne7 Kf6 70. Nd5+ Ke5 71. Nc7 Kd4 72. Ke2 Bc1 73. Kd1 Bb2 74. Kd2 Ke5 75. Kd3 f5 76. Nb5 g5 77. Nc7 g4 78. Ne8 f3 0-1

[Event "Maresme op 16th"]
[Site "Maresme"]
[Date "2019.11.09"]
[Round "5"]
[White "Infiesta Aguila, Agusti"]
[Black "Sanchez Parare, Loresmar Karin"]
[Result "1-0"]
[WhiteElo "1259"]
[BlackElo "1491"]
[PlyCount "51"]
[EventDate "2019.09.29"]
[EventType "swiss"]
[EventRounds "8"]
[EventCountry "ESP"]
[SourceTitle "CBM 193 Extra"]
[Source "ChessBase"]
[SourceDate "2020.01.31"]
[SourceVersion "1"]
[SourceVersionDate "2020.01.31"]
[SourceQuality "1"]

1. c4 c5 2. Nc3 e6 3. e4 Nc6 4. g3 Nf6 5. Bg2 Be7 6. Nge2 a6 7. 0-0 0-0 8. d4 cxd4 9. Nxd4 Qc7 10. h3 e5 11. Nf5 Bc5 12. Bg5 Ne7 13. Bxf6 Nxf5 14. Qg4 Kh8 15. Qxf5 gxf6 16. Qxf6+ Kg8 17. Nd5 Qd8 18. Qxe5 f6 19. Nxf6+ Qxf6 20. Qxc5 Qxb2 21. Rad1 Qf6 22. Rd5 a5 23. Rg5+ Kh8 24. Rf5 d6 25. Rxf6 Rxf6 26. Qd4 1-0